Geography groups of Five - Statistics

General Stats
  • This quiz has been taken 278 times
  • The average score is 26 of 35
Answer Stats
Hint Answer % Correct
Countries bordering Belarus Russia
98%
Countries on the Caspian Sea Russia
98%
European island countries Malta
96%
Countries bordering Belarus Poland
93%
Countries bordering Belarus Ukraine
93%
European island countries Cyprus
90%
European island countries Iceland
89%
European island countries Ireland
89%
Countries bordering Belarus Lithuania
88%
Boroughs of New York City Manhattan
85%
Countries bordering Belarus Latvia
84%
Boroughs of New York City The Bronx
84%
Seas of Italy Mediterranean Sea
83%
Seas of Italy Adriatic Sea
80%
Countries on the Caspian Sea Kazakhstan
79%
Countries on the Caspian Sea Azerbaijan
78%
Boroughs of New York City Brooklyn
77%
Boroughs of New York City Queens
77%
Official languages of BRICS English
75%
Countries on the Caspian Sea Turkmenistan
75%
Official languages of BRICS Chinese
73%
Countries on the Caspian Sea Iran
72%
Capitals starting with H Helsinki
71%
Official languages of BRICS Russian
71%
Official languages of BRICS Portuguese
69%
Capitals starting with H Hanoi
68%
Boroughs of New York City Staten Island
64%
European island countries United Kingdom
62%
Capitals starting with H Havana
58%
Official languages of BRICS Hindi
56%
Capitals starting with H Harare
48%
Seas of Italy Ionian Sea
44%
Capitals starting with H Honiara
40%
Seas of Italy Tyrrhenian Sea
35%
Seas of Italy Ligurian Sea
16%
No matching quizzes found
Score Distribution
Percent of People with Each Score
Percentile by Number Answered
Your Score History
You have not taken this quiz